Statistics for Popular Movies by Poster XV

Click here to take the quiz!

General Stats

  • This quiz has been taken 347 times
  • The average score is 9 of 16

Answer Stats

Answer% Correct
Barbie (2023)
99%
Lion King (2019)
98%
Oppenheimer
90%
The Devil Wears Prada
80%
Black Swan
78%
Die Hard
70%
Gravity
52%
Blade Runner 2049
49%
Armageddon
45%
Face/Off
43%
Sin City
37%
Con Air
36%
GoldenEye
34%
Tremors
31%
Shooter
19%
The Town
19%

Score Distribution

Percentile by Number Answered

Percent of People with Each Score

Your Score History

You have not taken this quiz